| 000 | 01231nam0a22002531 4500 | ||
|---|---|---|---|
| 001 | rc\659827 | ||
| 005 | 20250621202132.0 | ||
| 035 | _a(NLR Aleph) 005899172 | ||
| 090 |
_a6258476 _c6258476 |
||
| 100 | _a20031121d1986 |||y0rusy50 ca | ||
| 101 | 0 | _arus | |
| 102 | _aRU | ||
| 105 | _ay ||||||||| | ||
| 200 | 1 |
_aВРЕМЕННЫЕ методические положения по определению вторичных материальных ресурсов, образующихся и употребляемых в отрасли _fМ-во пром-сти строит. материалов СССР, ВНИИ НТИ и экономики пром-сти строит. материалов СССР _g[Подгот. к. г.-м. н. Ю.А. Алехиным и др.] |
|
| 210 |
_aМ. _cВНИИЭСМ _d1986 |
||
| 215 |
_a28 с. _d20 |
||
| 320 | _aБиблиогр.: с. 27 | ||
| 702 | 1 |
_aАлехин _bЮ.А. _gЮрий Алексеевич _4570 |
|
| 712 | 0 | 2 | _aВНИИ науч.-техн. информации и экономики промышленности строительных материалов |
| 801 | 0 |
_aRU _bNLR _gpsbo |
|
| 801 | 1 |
_aRU _bELAR _2rusmarc |
|
| 852 |
_aNLR _j88-4/3820 |
||
| 942 | _cBOOK | ||
| 980 | _aNB | ||